Detalles MARC
| 000 -CABECERA |
| campo de control de longitud fija |
01007cam a2200265 a 4500 |
| 001 - NÚMERO DE CONTROL |
| campo de control |
000011397 |
| 003 - IDENTIFICADOR DEL NÚMERO DE CONTROL |
| campo de control |
UkOxU |
| 005 - FECHA Y HORA DE LA ÚLTIMA TRANSACCIÓN |
| campo de control |
20200929162436.0 |
| 008 - DATOS DE LONGITUD FIJA--INFORMACIÓN GENERAL |
| campo de control de longitud fija |
500101s1971 sp a 001 0 spa c |
| 035 ## - NÚMERO DE CONTROL DEL SISTEMA |
| Número de control de sistema |
OCLC ocm06909828 from D950706M |
| 040 ## - FUENTE DE LA CATALOGACIÓN |
| Centro catalogador/agencia de origen |
DO-SdBNP |
| Lengua de catalogación |
spa |
| Centro/agencia transcriptor |
LDL |
| Centro/agencia modificador |
BNPHU |
| 082 ## - NÚMERO DE LA CLASIFICACIÓN DECIMAL DEWEY |
| Número de clasificación |
780.92 |
| Número de documento/Ítem |
A689F |
| 049 ## - FONDOS LOCALES (OCLC) |
| Fondos de biblioteca |
BNGR |
| 100 1# - ENTRADA PRINCIPAL--NOMBRE DE PERSONA |
| Nombre de persona |
Fernández-Cid, Antonio, |
| Fechas asociadas al nombre |
1916-1995. |
| 9 (RLIN) |
27017 |
| 245 10 - MENCIÓN DE TÍTULO |
| Título |
Ataúlfo Argenta / |
| Mención de responsabilidad, etc. |
Antonio Fernández-Cid. |
| 260 ## - PUBLICACIÓN, DISTRIBUCIÓN, ETC. |
| Lugar de publicación, distribución, etc. |
Madrid : |
| Nombre del editor, distribuidor, etc. |
Dirección General de Bellas Artes ; |
| -- |
Ministerio de Educación y Ciencia, |
| Fecha de publicación, distribución, etc. |
1971. |
| 300 ## - DESCRIPCIÓN FÍSICA |
| Extensión |
63 p. : |
| Otras características físicas |
il. ; |
| Dimensiones |
17 cm. |
| 490 1# - MENCIÓN DE SERIE |
| Mención de serie |
Artistas Españoles Conteporáneos |
| Designación de volumen o secuencia |
4 |
| Mención de serie |
Músicos |
| 586 ## - NOTA DE PREMIOS |
| Nota de premios |
Premio Nacional de Literatura. |
| 600 10 - PUNTO DE ACCESO ADICIONAL DE MATERIA--NOMBRE DE PERSONA |
| Nombre de persona |
ARGENTA, ATAULFO, |
| Fechas asociadas al nombre |
1913-1958 |
| Subdivisión general |
BIOGRAFÍA |
| 9 (RLIN) |
27018 |
| 600 10 - PUNTO DE ACCESO ADICIONAL DE MATERIA--NOMBRE DE PERSONA |
| Nombre de persona |
ARGENTA, ATAULFO, |
| Fechas asociadas al nombre |
1913-1958 |
| Subdivisión general |
CRÍTICA E INTERPRETACIÓN |
| 9 (RLIN) |
27019 |
| 650 #4 - PUNTO DE ACCESO ADICIONAL DE MATERIA--TÉRMINO DE MATERIA |
| Término de materia o nombre geográfico como elemento de entrada |
Músicos españoles |
| Subdivisión general |
Biografías |
| 9 (RLIN) |
27020 |
| 830 #0 - PUNTO DE ACCESO ADICIONAL DE SERIE-TÍTULO UNIFORME |
| Título uniforme |
Artistas Españoles Conteporáneos ; |
| Designación de volumen o secuencia |
4 |
| Nombre de parte o sección de la obra |
Músicos. |
| 9 (RLIN) |
27021 |
| 910 ## - DATOS DE OPCIÓN DEL USUARIO (OCLC) |
| Datos de opción del usuario |
Catalogación derivada |